[Event "29th Czech Rapid G1 2018"]
[Site "Pardubice CZE"]
[Date "2018.07.19"]
[Round "5.20"]
[White "Kobo, Ori"]
[Black "Gomes, Mary Ann"]
[Result "1-0"]
[WhiteTitle "GM"]
[BlackTitle "WGM"]
[WhiteElo "2508"]
[BlackElo "2284"]
[WhiteFideId "2812320"]
[BlackFideId "5013623"]
[EventDate "2018.07.18"]

1. d4 Nf6 2. c4 e6 3. Nc3 Bb4 4. f3 c5 5. d5 exd5 6. cxd5 d6 7. e4 O-O 8. Ne2
Nbd7 9. Ng3 Re8 10. Be2 a6 11. O-O b5 12. a4 bxa4 13. Qxa4 Nb6 14. Qc2 Bd7 15.
Kh1 c4 16. Bd2 a5 17. Nd1 Qc7 18. Bg5 Qc5 19. Be3 Qc7 20. Bg5 Qc5 21. Nc3 Kh8
22. Bxf6 gxf6 23. Nh5 Qd4 24. Rad1 Qe5 25. f4 Qe7 26. e5 dxe5 27. fxe5 f5 28.
Nf6 Qxe5 29. Nxd7 Nxd7 30. Rxf5 Qg7 31. Bxc4 Ne5 32. Be2 Rg8 33. g3 Rac8 34.
Rdf1 Bd6 35. Qe4 Rce8 36. Qh4 Ng6 37. Qh5 Re7 38. Ne4 Rxe4 39. Rxf7 Re5 40. Rxg7
Kxg7 41. Qg4 Rb8 42. Bd3 Rxb2 43. Qd7+ Be7 44. d6 Rh5 45. h4 Rd5 46. Bxg6 1-0

[Event "29th Czech Rapid G1 2018"]
[Site "Pardubice CZE"]
[Date "2018.07.19"]
[Round "5.21"]
[White "Kathmale, Sameer"]
[Black "Gallego Alcaraz, Andres Felipe"]
[Result "0-1"]
[WhiteTitle "IM"]
[BlackTitle "IM"]
[WhiteElo "2323"]
[BlackElo "2504"]
[WhiteFideId "5024498"]
[BlackFideId "4402669"]
[EventDate "2018.07.18"]

1. e4 c5 2. c3 Nf6 3. e5 Nd5 4. d4 e6 5. Nf3 cxd4 6. cxd4 b6 7. Nc3 Nxc3 8. bxc3
Qc7 9. Bd2 Bb7 10. Bd3 d6 11. O-O Nd7 12. Re1 Be7 13. exd6 Bxd6 14. h3 O-O 15.
c4 Rfd8 16. Qc2 h6 17. Bh7+ Kh8 18. Be4 Nf6 19. Bxb7 Qxb7 20. d5 exd5 21. Bc3
Ne4 22. Bd4 Rac8 23. Qb2 Bf8 24. cxd5 Qxd5 25. Rad1 Qb7 26. Ne5 Nc5 27. Bxc5
Bxc5 28. Qb3 Kg8 29. Rxd8+ Rxd8 30. Rd1 Rxd1+ 31. Qxd1 Qe4 32. Qd8+ Kh7 33. Nxf7
Qf5 34. Qe8 Qxf2+ 35. Kh2 Qf4+ 36. Kh1 Bf2 37. Qh8+ Kg6 38. Qc8 Qxf7 39. Qg4+
Kh7 40. Qe4+ g6 41. a4 Bc5 42. Qe1 h5 43. a5 bxa5 44. Qd1 a4 45. h4 a3 46. g4
hxg4 47. h5 Qf3+ 0-1

[Event "29th Czech Rapid G1 2018"]
[Site "Pardubice CZE"]
[Date "2018.07.19"]
[Round "5.22"]
[White "Zpevak, Pavel"]
[Black "Mirzoeva, Elmira"]
[Result "1/2-1/2"]
[WhiteTitle "IM"]
[BlackTitle "WGM"]
[WhiteElo "2330"]
[BlackElo "2249"]
[WhiteFideId "300586"]
[BlackFideId "4127951"]
[EventDate "2018.07.18"]

1. d4 Nf6 2. c4 e6 3. Nf3 b6 4. g3 Bb7 5. Bg2 c5 6. d5 exd5 7. Nh4 g6 8. Nc3 Bg7
9. Bg5 O-O 10. Nxd5 Bxd5 11. Bxd5 Nc6 12. O-O h6 13. Bxf6 Qxf6 14. Rb1 Rad8 15.
Qa4 Rfe8 16. e3 g5 17. Ng2 a5 18. Rfd1 Ne5 19. Rd2 Nf3+ 20. Bxf3 Qxf3 21. Rbd1
Re6 22. Qc2 d6 23. Rd5 Be5 24. Ne1 Qg4 25. Kg2 Rb8 26. a4 Rd8 27. b3 Kg7 28. Nf3
Bf6 29. Qd3 Rd7 30. Ne1 Rd8 31. Nc2 Rd7 32. Na3 Be5 33. Nb5 Qh5 34. Nc3 Qg4 35.
Ne2 Rd8 36. Nc3 Rd7 37. Ne2 Rd8 1/2-1/2

[Event "29th Czech Rapid G1 2018"]
[Site "Pardubice CZE"]
[Date "2018.07.19"]
[Round "5.28"]
[White "Michelle Catherina, P"]
[Black "Boruchovsky, Avital"]
[Result "0-1"]
[WhiteTitle "WIM"]
[BlackTitle "GM"]
[WhiteElo "2069"]
[BlackElo "2558"]
[WhiteFideId "5005736"]
[BlackFideId "2800055"]
[EventDate "2018.07.18"]

1. e4 c6 2. d4 d5 3. Nc3 dxe4 4. Nxe4 Bf5 5. Ng3 Bg6 6. h4 h6 7. Nf3 Nd7 8. h5
Bh7 9. Bd3 Bxd3 10. Qxd3 e6 11. Bd2 Ngf6 12. O-O-O Qc7 13. Ne4 O-O-O 14. g3 Nxe4
15. Qxe4 Nf6 16. Qe2 Bd6 17. c4 Qe7 18. Kb1 Kb8 19. Ne5 Ka8 20. Bc3 Nd7 21. Nd3
Rhe8 22. f4 Bc7 23. g4 f5 24. Rhg1 Nf6 25. Bb4 Qf7 26. gxf5 exf5 27. Ne5 Qxh5
28. Qg2 Bxe5 29. fxe5 Ng4 30. Qe2 Qf7 31. Rge1 Qe6 32. Bc3 h5 33. Qf3 Qxc4 34.
Qxf5 Qd5 35. Qxh5 Nf2 36. Rd2 Ne4 37. Rd3 c5 38. Qe2 Nxc3+ 39. bxc3 c4 40. Rd2
Re6 41. Rb2 Rc6 42. Qe4 Qa5 43. Rb4 Qa3 44. Rc1 Qa6 45. Re1 Rb6 46. Rxb6 Qxb6+
47. Ka1 Qa5 48. Qe3 Rh8 49. Qd2 Rh2 50. Qxh2 Qxc3+ 51. Kb1 Qxe1+ 52. Kb2 a5 53.
d5 Qb4+ 54. Kc1 Qc3+ 55. Kd1 Qa1+ 56. Kc2 Qxa2+ 57. Kc3 Qxh2 58. e6 Qd6 0-1

[Event "29th Czech Rapid G1 2018"]
[Site "Pardubice CZE"]
[Date "2018.07.19"]
[Round "5.29"]
[White "Mozharov, Mikhail"]
[Black "Tarakanov, Oleg"]
[Result "1-0"]
[WhiteTitle "GM"]
[WhiteElo "2542"]
[BlackElo "2123"]
[WhiteFideId "4189825"]
[BlackFideId "4500610"]
[EventDate "2018.07.18"]

1. d4 d5 2. c4 c6 3. Nf3 Nf6 4. Nc3 Bf5 5. cxd5 cxd5 6. Qb3 Qb6 7. Qxb6 axb6 8.
Bf4 e6 9. a3 Be7 10. e3 O-O 11. Bb5 Rc8 12. O-O Nc6 13. h3 h6 14. Rac1 Na5 15.
Nd2 Bg6 16. f3 Ne8 17. Na4 Rxc1 18. Rxc1 Nd6 19. Bxd6 Bxd6 20. Nxb6 Rd8 21. b4
Nc4 22. Ndxc4 dxc4 23. Rxc4 Bb8 24. Rc8 Rxc8 25. Nxc8 Bc2 26. Kf2 Kf8 27. Ke2
Bb3 28. Kd3 Bc7 29. Kc3 Ba2 30. Kb2 Bd5 31. e4 Bc6 32. Bxc6 bxc6 33. Na7 1-0

[Event "29th Czech Rapid G1 2018"]
[Site "Pardubice CZE"]
[Date "2018.07.19"]
[Round "5.35"]
[White "Chekletsov, Ilya"]
[Black "Chrz, Pavel"]
[Result "1-0"]
[WhiteTitle "IM"]
[BlackTitle "CM"]
[WhiteElo "2395"]
[BlackElo "2032"]
[WhiteFideId "24177156"]
[BlackFideId "307980"]
[EventDate "2018.07.18"]

1. d4 d6 2. c4 e5 3. Nc3 Nc6 4. Nf3 exd4 5. Nxd4 Bd7 6. e3 Nf6 7. g3 Ne5 8. f4
c5 9. Nc2 Bg4 10. Be2 Bxe2 11. Qxe2 Nc6 12. O-O Qe7 13. Nd5 Nxd5 14. cxd5 Nd4
15. Nxd4 cxd4 16. Qc4 g6 17. Qxd4 f6 18. b3 Rg8 19. e4 Bg7 20. Bb2 Kf7 21. e5 f5
22. e6+ Kf8 23. Qd2 Bxb2 24. Qxb2 Qg7 25. Qxg7+ Kxg7 26. Rac1 Rac8 27. Kf2 Kf6
28. Ke3 h6 29. Kd2 g5 30. Rxc8 Rxc8 31. Rc1 Rg8 32. Rc7 gxf4 33. gxf4 Rg2+ 34.
Ke3 Rxh2 35. Rxb7 Rxa2 36. Rh7 Ra1 37. Rxh6+ Kg7 38. Rh5 Kg6 39. Rg5+ Kf6 40.
Kd3 Rd1+ 41. Kc4 Rf1 42. Rh5 Rxf4+ 43. Kb5 Re4 44. Kc6 f4 45. Kxd6 f3 46. Rh7
Kg6 47. Rf7 Re3 48. b4 a6 49. Rf4 Kg5 50. Rf8 Kg4 51. e7 Kg3 52. e8=Q 1-0

[Event "29th Czech Rapid G1 2018"]
[Site "Pardubice CZE"]
[Date "2018.07.19"]
[Round "5.41"]
[White "Semjonovs, Ilja"]
[Black "Gukesh, D"]
[Result "0-1"]
[BlackTitle "IM"]
[WhiteElo "2219"]
[BlackElo "2433"]
[WhiteFideId "11604263"]
[BlackFideId "46616543"]
[EventDate "2018.07.18"]

1. e4 c6 2. d4 d5 3. exd5 cxd5 4. Bd3 Nc6 5. c3 g6 6. Nf3 Bf5 7. O-O Bxd3 8.
Qxd3 e6 9. Re1 Bg7 10. Bf4 Nge7 11. Na3 a6 12. Nc2 O-O 13. Ne3 b5 14. Ng4 Nf5
15. Qd2 Re8 16. Nh6+ Nxh6 17. Bxh6 Qd6 18. Bxg7 Kxg7 19. Ne5 Nxe5 20. Rxe5 a5
21. Re3 b4 22. Rh3 h5 23. g4 hxg4 24. Qh6+ Kf6 25. Qh4+ Kf5 26. Rg3 Rh8 27.
Qxg4+ Kf6 28. Rf3+ Kg7 29. Qg3 Qxg3+ 30. fxg3 Rhc8 31. Rc1 Rab8 32. b3 Rc7 33.
c4 dxc4 34. Rxc4 Rbc8 35. Rxc7 Rxc7 36. Rf2 Rc1+ 37. Kg2 Rd1 38. Rc2 Rxd4 39.
Kf3 Rd5 40. Ke3 f5 41. Rc7+ Kf6 42. Ra7 g5 43. Rc7 Ke5 44. Rc4 Kd6 45. Rc8 Rc5
46. Ra8 Ke5 47. Kd3 f4 48. gxf4+ gxf4 49. h4 Rd5+ 50. Ke2 Ke4 51. Rf8 Rc5 0-1

[Event "29th Czech Rapid G1 2018"]
[Site "Pardubice CZE"]
[Date "2018.07.19"]
[Round "5.42"]
[White "Priyanka, Nutakki"]
[Black "Gabr, Mohsen"]
[Result "1-0"]
[BlackTitle "FM"]
[WhiteElo "2180"]
[BlackElo "2287"]
[WhiteFideId "25049615"]
[BlackFideId "10619593"]
[EventDate "2018.07.18"]

1. d4 g6 2. e4 Bg7 3. Nc3 c5 4. d5 d6 5. Bb5+ Nd7 6. a4 Nf6 7. Nf3 O-O 8. h3 Ne8
9. O-O Nc7 10. Be2 Rb8 11. Nb5 a6 12. Nxc7 Qxc7 13. a5 Nf6 14. Nd2 e6 15. Bf3
exd5 16. exd5 c4 17. Ra3 Bd7 18. Nb1 Bb5 19. Nc3 Nd7 20. Bf4 Rfe8 21. Qd2 Re7
22. Nxb5 axb5 23. Qb4 Be5 24. Bxe5 Nxe5 25. Qxb5 Qd8 26. Be2 Rc7 27. f4 Rc5 28.
Qb4 Nd7 29. Bxc4 Nf6 30. Rd1 Nh5 31. Be2 Ng7 32. Qd2 Rbc8 33. c4 Ra8 34. b4 Rc7
35. Bd3 Qf6 36. Qf2 Nh5 37. f5 Qg5 38. fxg6 hxg6 39. Bf1 Re8 40. c5 Rd8 41. Rf3
dxc5 42. d6 Rc6 43. Rxf7 cxb4 44. Rxb7 Nf4 45. Qa2+ Kh8 46. Qf7 Nxh3+ 47. Kh1
Nf2+ 48. Qxf2 Qh5+ 49. Kg1 Qc5 50. Rd4 Qf5 51. Qh4+ 1-0

[Event "29th Czech Rapid G1 2018"]
[Site "Pardubice CZE"]
[Date "2018.07.19"]
[Round "5.67"]
[White "Pavlicek, Lukas"]
[Black "Gorbatenko, Alexander"]
[Result "0-1"]
[WhiteElo "1819"]
[BlackElo "2049"]
[WhiteFideId "373001"]
[BlackFideId "4145976"]
[EventDate "2018.07.18"]

1. c4 e5 2. Nc3 Nf6 3. g3 d5 4. cxd5 Nxd5 5. Bg2 Nb6 6. Nf3 Nc6 7. d3 f6 8. O-O
Be6 9. Qc2 Qd7 10. a3 O-O-O 11. Be3 Bh3 12. b4 Bxg2 13. Kxg2 h5 14. Rfc1 h4 15.
Ng1 hxg3 16. fxg3 f5 17. b5 Nd4 18. Bxd4 exd4 19. Nd1 f4 20. a4 fxg3 21. hxg3
Bd6 22. Qd2 Qg4 23. Qe1 Rdf8 24. a5 Nd5 25. Nf3 Qh3+ 26. Kg1 Bxg3 0-1

[Event "29th Czech Rapid G1 2018"]
[Site "Pardubice CZE"]
[Date "2018.07.19"]
[Round "6.1"]
[White "Bernadskiy, Vitaliy"]
[Black "Paravyan, David"]
[Result "0-1"]
[WhiteTitle "GM"]
[BlackTitle "GM"]
[WhiteElo "2586"]
[BlackElo "2638"]
[WhiteFideId "14100371"]
[BlackFideId "4194985"]
[EventDate "2018.07.18"]

1. d4 Nf6 2. Bg5 d5 3. Nd2 c5 4. dxc5 e6 5. e4 Bxc5 6. Qe2 h6 7. Bh4 Be7 8. e5
Ng8 9. Bxe7 Nxe7 10. Ngf3 Bd7 11. Nb3 Qb6 12. O-O-O Nbc6 13. Kb1 a5 14. Nbd4 O-O
15. Qe3 Nxd4 16. Nxd4 Rfc8 17. Bd3 Nc6 18. Nxc6 Rxc6 19. Qxb6 Rxb6 20. f4 Rc8
21. Rhf1 Bb5 22. f5 Bxd3 23. Rxd3 Rb4 24. Re3 Rcc4 25. a3 Rf4 26. Rxf4 Rxf4 27.
fxe6 fxe6 28. Rb3 Rf1+ 29. Ka2 Rf2 30. Rxb7 Rxg2 31. b4 axb4 32. a4 Rxc2+ 33.
Kb3 Rxh2 34. a5 Rh3+ 35. Kxb4 Rh1 36. Re7 h5 37. a6 Ra1 38. Rxe6 h4 39. Re8+ Kh7
40. e6 Rxa6 41. e7 Re6 42. Kc5 h3 43. Kxd5 Re1 44. Ra8 h2 0-1

[Event "29th Czech Rapid G1 2018"]
[Site "Pardubice CZE"]
[Date "2018.07.19"]
[Round "6.2"]
[White "Rasik, Vitezslav"]
[Black "Movsesian, Sergei"]
[Result "1/2-1/2"]
[WhiteTitle "GM"]
[BlackTitle "GM"]
[WhiteElo "2458"]
[BlackElo "2635"]
[WhiteFideId "300306"]
[BlackFideId "310204"]
[EventDate "2018.07.18"]

1. e4 c5 2. Nf3 e6 3. g3 Nc6 4. Bg2 Nf6 5. Qe2 e5 6. O-O Be7 7. Nc3 d6 8. Nd5
O-O 9. c3 h6 10. d3 Be6 11. Nh4 Qd7 12. f4 exf4 13. Nxe7+ Qxe7 14. Rxf4 Rae8 15.
Bd2 Nd7 16. Raf1 Nde5 17. a3 Qd7 18. Nf5 d5 19. exd5 Bxd5 20. Bxd5 Qxd5 21. Rg4
Ng6 22. Re4 Rxe4 23. Qxe4 Qxe4 24. dxe4 Rd8 25. Bf4 Rd3 26. Bd6 b6 27. a4 h5 28.
Kg2 f6 29. Rf3 Rd1 30. Rf1 Rxf1 31. Kxf1 Kf7 32. Ke2 Nge5 33. Bxe5 Nxe5 34. b4
cxb4 35. cxb4 g6 36. Nd6+ Ke6 37. Nc8 Nc6 38. b5 Nd4+ 39. Kd3 Nb3 40. Kc4 Nc5
41. a5 Nxe4 42. axb6 axb6 43. Nxb6 g5 44. Na4 Kd6 45. Nc3 Nxc3 46. Kxc3 Kc5 47.
Kd3 f5 48. b6 Kxb6 49. Kd4 Kc6 50. Ke5 f4 51. gxf4 gxf4 52. Kxf4 1/2-1/2

[Event "29th Czech Rapid G1 2018"]
[Site "Pardubice CZE"]
[Date "2018.07.19"]
[Round "6.3"]
[White "Deepan, Chakkravarthy J."]
[Black "Potapov, Pavel"]
[Result "1/2-1/2"]
[WhiteTitle "GM"]
[BlackTitle "GM"]
[WhiteElo "2519"]
[BlackElo "2500"]
[WhiteFideId "5011132"]
[BlackFideId "4169786"]
[EventDate "2018.07.18"]

1. e4 c5 2. Nf3 Nc6 3. Bb5 g6 4. O-O Bg7 5. Re1 Nf6 6. c3 O-O 7. d4 d5 8. exd5
Qxd5 9. c4 Qd6 10. d5 Nd4 11. Nxd4 cxd4 12. h3 a6 13. Ba4 e5 14. Bc2 b5 15. b3
e4 16. Bxe4 Nxe4 17. Rxe4 Bf5 18. Rxd4 Rfe8 19. Be3 Rxe3 20. fxe3 Qg3 21. Qd2
Re8 22. Na3 Rxe3 23. Rf1 Bxd4 24. Qxd4 b4 25. d6 Re2 26. Qd5 Be6 27. d7 Bxd5 28.
d8=Q+ Kg7 29. Qxd5 bxa3 30. Qxf7+ Kh6 31. Qf8+ Kh5 32. Qc5+ Kh6 33. Qf8+ Kh5 34.
Qc5+ 1/2-1/2

[Event "29th Czech Rapid G1 2018"]
[Site "Pardubice CZE"]
[Date "2018.07.19"]
[Round "6.5"]
[White "Stocek, Jiri"]
[Black "Sengupta, Deep"]
[Result "1-0"]
[WhiteTitle "GM"]
[BlackTitle "GM"]
[WhiteElo "2586"]
[BlackElo "2565"]
[WhiteFideId "304760"]
[BlackFideId "5008352"]
[EventDate "2018.07.18"]

1. Nf3 d5 2. c4 c6 3. g3 Nf6 4. Bg2 g6 5. Qc2 Bg7 6. d3 O-O 7. O-O Re8 8. Bf4
Nbd7 9. cxd5 Nxd5 10. Bd2 e5 11. Nc3 N7b6 12. Ne4 h6 13. Rfd1 Qe7 14. Rac1 Kh7
15. Nc5 Nd7 16. Nb3 N7f6 17. e4 Nc7 18. h3 Nd7 19. d4 exd4 20. Nfxd4 Ne6 21. Nf5
gxf5 22. exf5 Kh8 23. fxe6 fxe6 24. Re1 Qf7 25. Bc3 e5 26. Nd2 Nf8 27. Ne4 Bf5
28. Nd6 Bxc2 29. Nxf7+ Kg8 30. Nd6 Re6 31. Nxb7 Bg6 32. Nc5 Re7 33. Bxc6 Rc8 34.
Bd5+ Kh7 35. b4 Rd8 36. Be4 Bxe4 37. Rxe4 Ne6 38. Nxe6 Rxe6 39. Rce1 Rd5 40.
R1e3 Kg6 41. f4 Ra6 42. fxe5 Rxa2 43. e6 Bxc3 44. e7 Rd1+ 45. Re1 Rdd2 46. e8=Q+ 1-0

[Event "29th Czech Rapid G1 2018"]
[Site "Pardubice CZE"]
[Date "2018.07.19"]
[Round "6.6"]
[White "Mirzoev, Emil"]
[Black "Schlosser, Philipp"]
[Result "0-1"]
[WhiteTitle "IM"]
[BlackTitle "GM"]
[WhiteElo "2412"]
[BlackElo "2501"]
[WhiteFideId "14108640"]
[BlackFideId "4600169"]
[EventDate "2018.07.18"]

1. d4 Nf6 2. c4 e6 3. Nc3 Bb4 4. a3 Bxc3+ 5. bxc3 b6 6. f3 Nc6 7. e4 Na5 8. Bg5
h6 9. Bh4 d6 10. Bd3 Ba6 11. Ne2 g5 12. Bf2 Qd7 13. e5 dxe5 14. dxe5 Nh5 15. g4
Bb7 16. gxh5 Bxf3 17. Rf1 Bxh5 18. Be4 O-O-O 19. Qxd7+ Rxd7 20. Ng3 Bg4 21. Bc2
Nxc4 22. Ne4 Bf5 23. Rd1 Nxa3 24. Bd3 Rxd3 25. Rxd3 Bxe4 26. Rd2 Nb1 27. Rd4 Bg6
28. c4 Na3 29. Ke2 c5 30. Rdd1 Bh5+ 0-1

[Event "29th Czech Rapid G1 2018"]
[Site "Pardubice CZE"]
[Date "2018.07.19"]
[Round "6.7"]
[White "Geller, Jakov"]
[Black "Zilka, Stepan"]
[Result "1-0"]
[WhiteTitle "GM"]
[BlackTitle "GM"]
[WhiteElo "2518"]
[BlackElo "2517"]
[WhiteFideId "4151984"]
[BlackFideId "315303"]
[EventDate "2018.07.18"]

1. e4 e6 2. d4 d5 3. Nc3 Nf6 4. Bg5 dxe4 5. Nxe4 Be7 6. Nxf6+ Bxf6 7. Bxf6 Qxf6
8. Nf3 O-O 9. Bd3 c5 10. c3 Rd8 11. Qe2 cxd4 12. Nxd4 Nd7 13. O-O Qe5 14. Rfd1
Qxe2 15. Bxe2 Nf6 16. Bf3 a6 17. Nb5 Rxd1+ 18. Rxd1 Bd7 19. Nd6 Bc6 20. Nxb7
Bxf3 21. gxf3 Kf8 22. Rd8+ Rxd8 23. Nxd8 Ke7 24. Nb7 Nd7 25. Kf1 g5 26. Ke2 Ne5
27. Nc5 a5 28. a4 h5 29. b4 axb4 30. cxb4 g4 31. fxg4 hxg4 32. a5 Nc6 33. a6 Kd6
34. Nb3 Kc7 35. b5 Na7 36. Nd4 e5 37. Nc6 Nxb5 38. Nxe5 f5 39. Nc4 Nc3+ 40. Kd2
Ne4+ 41. Ke3 Nc5 42. a7 Kb7 43. Nd6+ Kxa7 44. Nxf5 Kb6 45. Nh6 Kc6 46. Nxg4 Kd6
47. Kf4 Nd3+ 48. Kf5 Ke7 49. f4 Kf8 50. Ne5 Nf2 51. Kg6 Nh3 52. Nd3 Ng1 53. f5
Nf3 54. f6 Nh4+ 55. Kg5 Nf3+ 56. Kf5 Nd4+ 57. Kg6 Nf3 58. h3 Nh4+ 59. Kg5 Nf3+
60. Kf4 Nd4 61. Ne5 Kg8 62. h4 Kh7 63. Ke4 Ne6 64. Kd5 Nf4+ 65. Kd6 Kg8 66. Ke7
Nd5+ 67. Ke6 Nf4+ 68. Kf5 Nd5 69. h5 Kh7 70. f7 Kg7 71. h6+ Kf8 72. h7 Ne7+ 73.
Ke4 1-0

[Event "29th Czech Rapid G1 2018"]
[Site "Pardubice CZE"]
[Date "2018.07.19"]
[Round "6.9"]
[White "Shyam, Sundar M."]
[Black "Zakhartsov, Viacheslav V."]
[Result "0-1"]
[WhiteTitle "GM"]
[BlackTitle "GM"]
[WhiteElo "2527"]
[BlackElo "2539"]
[WhiteFideId "5019141"]
[BlackFideId "4115333"]
[EventDate "2018.07.18"]

1. e4 c5 2. Nf3 d6 3. d4 cxd4 4. Qxd4 Nc6 5. Bb5 Bd7 6. Qd3 a6 7. Bxc6 Bxc6 8.
c4 Nf6 9. Nc3 g6 10. O-O Bg7 11. Be3 O-O 12. Rac1 Rc8 13. h3 Qa5 14. Nd4 Rfd8
15. Rfd1 Be8 16. a3 e6 17. Qe2 h6 18. f3 Nd7 19. f4 Nf6 20. Bf2 Qc7 21. b3 e5
22. fxe5 dxe5 23. Nf3 Rxd1+ 24. Rxd1 Bf8 25. a4 Bb4 26. Nd5 Nxd5 27. cxd5 Kg7
28. Nxe5 Qxe5 29. Bd4 Bc5 30. Bxc5 Rxc5 31. d6 Bd7 32. Kh1 Rc6 33. Qd2 Qxe4 34.
Re1 Rc2 35. Qxh6+ Kxh6 36. Rxe4 Rd2 37. Re7 Rxd6 38. Rxf7 Bc6 39. Rf2 Rd1+ 40.
Kh2 Rb1 41. g4 Rxb3 42. h4 Kg7 43. a5 Ra3 44. g5 Rxa5 45. Re2 Kf7 46. Rf2+ Rf5
47. Rd2 a5 48. Rd8 a4 49. Ra8 Rf3 0-1

[Event "29th Czech Rapid G1 2018"]
[Site "Pardubice CZE"]
[Date "2018.07.19"]
[Round "6.10"]
[White "Piscopo, Pierluigi"]
[Black "Plat, Vojtech"]
[Result "0-1"]
[WhiteTitle "IM"]
[BlackTitle "GM"]
[WhiteElo "2389"]
[BlackElo "2543"]
[WhiteFideId "809152"]
[BlackFideId "325740"]
[EventDate "2018.07.18"]

1. e4 d6 2. Nc3 Nf6 3. f4 d5 4. e5 d4 5. Nce2 Nd5 6. Nxd4 Nxf4 7. Ndf3 e6 8. d4
Ng6 9. h4 c5 10. h5 Ne7 11. h6 cxd4 12. Qxd4 Nbc6 13. Qxd8+ Kxd8 14. Bd3 Ng6 15.
Bg5+ Kc7 16. O-O-O gxh6 17. Bf6 Rg8 18. Ne2 Bd7 19. a3 Nge7 20. Nc3 a6 21. Rhg1
Ng6 22. Ne4 Nf4 23. Bf1 Nd5 24. c4 Ne3 25. Re1 Nf5 26. Bd3 Ncd4 27. Nxd4 Nxd4
28. Nd6 Bc6 29. Bxh7 Rg3 30. Be4 Bg7 31. Bxg7 Rxg7 32. Rgf1 Rf8 33. Rf2 Rg4 34.
Bd3 f5 35. Rh1 Rg3 36. Bf1 Re3 37. b4 b6 38. Rxh6 Rxe5 39. c5 bxc5 40. Nc4 Rd5
41. Rh7+ Rd7 42. Rxd7+ Bxd7 43. Ne5 cxb4 44. axb4 Rb8 45. Bxa6 Rxb4 46. g4 Nb3+
47. Kc2 Nc5 48. gxf5 Ba4+ 49. Kc3 Rb3+ 50. Kc4 Nxa6 51. f6 Rb4+ 52. Kc3 Be8 53.
f7 Bxf7 54. Rxf7+ Kd6 55. Nc4+ Kc5 56. Rc7+ Nxc7 0-1

[Event "29th Czech Rapid G1 2018"]
[Site "Pardubice CZE"]
[Date "2018.07.19"]
[Round "6.11"]
[White "Lalic, Bogdan"]
[Black "Cerveny, Martin"]
[Result "0-1"]
[WhiteTitle "GM"]
[BlackTitle "IM"]
[WhiteElo "2394"]
[BlackElo "2359"]
[WhiteFideId "409081"]
[BlackFideId "321141"]
[EventDate "2018.07.18"]

1. c4 Nf6 2. Nc3 c5 3. g3 Nc6 4. Bg2 g6 5. Nf3 Bg7 6. d4 cxd4 7. Nxd4 O-O 8. O-O
Qb6 9. Nc2 d6 10. Ne3 Be6 11. Rb1 Qa5 12. Ned5 Bxd5 13. cxd5 Ne5 14. Qb3 Rfc8
15. Bh3 Rc7 16. Rd1 a6 17. Bd2 b5 18. a4 bxa4 19. Qxa4 Qxa4 20. Nxa4 Rb8 21. Bc3
Ne4 22. Bg2 Nxc3 23. bxc3 Rcb7 24. Ra1 f5 25. Bf1 a5 26. e3 Nd7 27. Ra2 Rb1 28.
Rxb1 Rxb1 29. Kg2 Rc1 30. Bb5 Nf6 31. c4 g5 32. h3 h5 33. Nb6 g4 34. Nc8 Kf7 35.
hxg4 hxg4 36. Na7 Ne4 37. f3 Nc3 38. Rf2 Nd1 39. Re2 Bh6 40. f4 Nc3 41. Rd2 a4
42. Nc6 Bg7 43. Nb4 a3 44. c5 dxc5 45. Nd3 Rb1 46. Bc4 Kg6 47. Nxc5 Rb2 48. Rxb2
axb2 49. Bd3 b1=Q 50. Bxb1 Nxb1 51. e4 Nc3 52. exf5+ Kxf5 53. Ne6 Bf6 54. Nc7
Ke4 55. Ne6 Kxd5 0-1

[Event "29th Czech Rapid G1 2018"]
[Site "Pardubice CZE"]
[Date "2018.07.19"]
[Round "6.12"]
[White "Bryzgalin, Kirill"]
[Black "Sadhwani, Raunak"]
[Result "1/2-1/2"]
[WhiteTitle "GM"]
[BlackTitle "FM"]
[WhiteElo "2424"]
[BlackElo "2409"]
[WhiteFideId "4133285"]
[BlackFideId "35093487"]
[EventDate "2018.07.18"]

1. d4 Nf6 2. Nf3 e6 3. Bf4 d5 4. e3 c5 5. c3 Bd6 6. Bg3 O-O 7. Nbd2 Qc7 8. Bd3
Nbd7 9. O-O e5 10. Bf5 e4 11. Ne1 cxd4 12. exd4 Nb6 13. Bxc8 Raxc8 14. Nc2 Ne8
15. Ne3 Bxg3 16. fxg3 Nd6 17. g4 Qd7 18. Qe2 Ndc4 19. Ndxc4 Nxc4 20. h3 Nxe3 21.
Qxe3 b5 22. Rf5 a5 23. a3 Rc6 1/2-1/2

[Event "29th Czech Rapid G1 2018"]
[Site "Pardubice CZE"]
[Date "2018.07.19"]
[Round "6.13"]
[White "Pulpan, Jakub"]
[Black "Zwardon, Vojtech"]
[Result "0-1"]
[WhiteTitle "IM"]
[BlackTitle "IM"]
[WhiteElo "2386"]
[BlackElo "2424"]
[WhiteFideId "302759"]
[BlackFideId "325511"]
[EventDate "2018.07.18"]

1. e4 c5 2. Nf3 Nc6 3. Bb5 g6 4. Bxc6 dxc6 5. d3 Bg7 6. h3 Nf6 7. O-O O-O 8. Nc3
b6 9. Be3 e5 10. a4 Qd6 11. a5 Be6 12. Ng5 Bd7 13. f4 exf4 14. Bxf4 Qd4+ 15. Kh1
Nh5 16. Nf3 Qb4 17. Ne5 Nxf4 18. Nxd7 Nh5 19. Qf3 Qxb2 20. Ne2 Qxc2 21. Rae1
Rfd8 22. Qxf7+ Kh8 23. axb6 axb6 24. e5 Qxd3 25. e6 Rg8 26. Rf2 c4 27. Nf4 Nxf4
28. Qxf4 Qd4 29. Qf3 c3 30. Rfe2 b5 31. Ne5 Bxe5 32. Rxe5 Raf8 33. Qxc6 b4 34.
e7 Rf1+ 35. Rxf1 Qxe5 36. Qc4 Qxe7 37. Qd4+ Rg7 38. Qf4 c2 39. Qc4 h5 40. Qxc2
Kh7 41. Qc4 Qd6 42. Rb1 Rc7 43. Qb3 Qf4 44. Qb2 Rc3 45. Qa1 Qe4 46. Re1 Rxh3+
47. Kg1 Ra3 48. Qd1 Qb7 49. Qd8 Ra7 50. Re8 Qg7 51. Qb8 Qd4+ 52. Kf1 Rf7+ 0-1

[Event "29th Czech Rapid G1 2018"]
[Site "Pardubice CZE"]
[Date "2018.07.19"]
[Round "6.14"]
[White "Manik, Mikulas"]
[Black "Tsvetkov, Andrey"]
[Result "1-0"]
[WhiteTitle "GM"]
[BlackTitle "CM"]
[WhiteElo "2400"]
[BlackElo "2259"]
[WhiteFideId "14900734"]
[BlackFideId "34139360"]
[EventDate "2018.07.18"]

1. e4 c5 2. Nf3 d6 3. Bb5+ Nd7 4. c3 Nf6 5. Qe2 a6 6. Ba4 b5 7. Bc2 e5 8. d4 Bb7
9. O-O Be7 10. Nbd2 Qc7 11. d5 O-O 12. Re1 Nh5 13. Nf1 g6 14. Bh6 Rfe8 15. Ng3
Nxg3 16. fxg3 Bf8 17. Bd2 Bg7 18. Rf1 Rf8 19. g4 f5 20. gxf5 gxf5 21. Ng5 Rf6
22. Ne6 Qc8 23. Bg5 Rf7 24. Rxf5 Rxf5 25. exf5 Bxd5 26. Nxg7 Kxg7 27. f6+ Nxf6
28. Rf1 Ng8 29. Bxh7 Kxh7 30. Qh5+ Kg7 31. Bf6+ Kf8 32. Bxe5+ Ke7 33. Qh7+ Ke8
34. Bxd6 1-0